Sports Quiz

Random Sports or Basketball Quiz

NBA 'Short' Points Leaders Quiz Stats

 Plays Quiz Updated Oct 18, 2018

Challenge
Share
Tweet
Embed
Score 0/18 Timer 06:00
9 Plays Today
Career Points Player % Correct
24,368Allen Iverson
86.4%
19,711John Stockton
59.1%
17,387Steve Nash
59.1%
25,192Jerry West
50.8%
18,822Isiah Thomas
45%
16,960Bob Cousy
43.1%
17,027Tony Parker
41.6%
16,481Tiny Archibald
33%
21,813Gary Payton
31.2%
Career Points Player % Correct
17,986Jason Terry
17.4%
17,454Earl Monroe
12.8%
17,949Calvin Murphy
10.1%
18,327Dave Bing
7.8%
17,231Jeff Malone
7.6%
21,586Hal Greer
7.5%
19,181Gail Goodrich
7.4%
17,772Lenny Wilkens
7.1%
17,955World B. Free
6.9%

You're not logged in!

Compare scores with friends on all Sporcle quizzes.
OR
Log In

You Might Also Like...

Show Comments

Extras

Top Quizzes Today


Score Distribution

Your Account Isn't Verified!

In order to create a playlist on Sporcle, you need to verify the email address you used during registration. Go to your Sporcle Settings to finish the process.

Report this User

Report this user for behavior that violates our Community Guidelines.

Details: